书目信息 |
| 题名: |
西方经济学辅导
|
|
| 作者: | 牛丽英 主编 | |
| 分册: | 宏观部分 | |
| 出版信息: | 北京 人民日报出版社 2007 |
|
| 页数: | 242页 | |
| 开本: | 22cm | |
| 丛书名: | 九章丛书 | |
| 单 册: | ||
| 中图分类: | F0 | |
| 科图分类: | ||
| 主题词: | 经济学--解题--高等学校 | |
| 电子资源: | ||
| ISBN: | 7-80153-967-2 | |
| 000 | 00857nam 2200289 450 | |
| 001 | 200805000171 | |
| 005 | 20051024104135.0 | |
| 010 | @a7-80153-967-2@dCNY10.00 | |
| 035 | @a002959635 | |
| 100 | @a20050119d2007 em y0chiy0110 ea | |
| 101 | 0 | @achi |
| 102 | @aCN@b110000 | |
| 105 | @ay z 000yy | |
| 106 | @ar | |
| 200 | 1 | @a西方经济学辅导@AXi Fang Jing Ji Xue Fu Dao@i宏观部分@IHong Guan Bu Fen@f牛丽英主编@FNiu Li Ying Zhu Bian |
| 210 | @a北京@c人民日报出版社@d2007 | |
| 215 | @a242页@d22cm | |
| 225 | 2 | @a九章丛书 |
| 300 | @a赠习题全解 | |
| 330 | @a高校经典教材同步辅导 | |
| 330 | @a本书是高等教育出版社出版的《西方经济学》一书的辅导及习题全解。 | |
| 410 | 0 | @12001 @a九章丛书 |
| 606 | 0 | @a经济学@x解题@x高等学校 |
| 690 | @aF0@v4 | |
| 701 | 0 | @a牛丽英@ANiu Li Ying@4主编 |
| 801 | 0 | @aCN@c20051025 |
| 905 | @b20653697-99@dF0@eN7051 | |
| 西方经济学辅导.宏观部分/牛丽英主编.-北京:人民日报出版社,2007 |
| 242页;22cm.-(九章丛书) |
| 赠习题全解 |
| ISBN 7-80153-967-2:CNY10.00 |
| 高校经典教材同步辅导.-本书是高等教育出版社出版的《西方经济学》一书的辅导及习题全解。 |
| ● |
| 相关链接 |
|
|
|
正题名:西方经济学辅导
索取号:F0/N7051
 
预约/预借
| 序号 | 登录号 | 条形码 | 馆藏地/架位号 | 状态 | 备注 |
| 1 | 653697 | 206536970 | 社科库409/409社科库 61排2列4层/ [索取号:F0/N7051] | 在馆 | |
| 2 | 653698 | 206536989 | 社科库409/409社科库 61排2列4层/ [索取号:F0/N7051] | 在馆 | |
| 3 | 653699 | 206536998 | 社科库409/409社科库 61排2列4层/ [索取号:F0/N7051] | 在馆 |